000 00286nam a2200097Ia 4500
008 200302s9999 xx 000 0 und d
100 _aAdrin Schulz
245 _aArchitectural photography composition capture and digital image processing 3rd ed.
260 _bRocky Nook Inc.
300 _a285
999 _c7355
_d7355